BIBLIOTECA PODER JUDICIAL
Portal Judicial TDF

Aportes para una futura reforma del Código Penal argentino A propósito de las fórmulas nebulosas de los incisos 1° y 11 del art. 80 del Código Penal / (Registro nro. 5552)

000 -LEADER
fixed length control field 01179nab a22002537a 4500
003 - CONTROL NUMBER IDENTIFIER
control field OSt
005 - DATE AND TIME OF LATEST TRANSACTION
control field 20251218080257.0
008 - FIXED-LENGTH DATA ELEMENTS--GENERAL INFORMATION
fixed length control field 190429b xxu||||| |||| 00| 0 spa d
040 ## - CATALOGING SOURCE
Transcribing agency PJ
100 ## - MAIN ENTRY--PERSONAL NAME
9 (RLIN) 4085
Personal name Álvarez Doyle, Daniel
245 13 - TITLE STATEMENT
Title Aportes para una futura reforma del Código Penal argentino A propósito de las fórmulas nebulosas de los incisos 1° y 11 del art. 80 del Código Penal /
Statement of responsibility, etc Daniel Alvarez Doyle, Juan Cruz Chapuy.
260 ## - PUBLICATION, DISTRIBUTION, ETC. (IMPRINT)
Date of publication, distribution, etc Ciudad Autónoma de Buenos Aires :
Place of publication, distribution, etc Thomson Reuters La Ley,
Name of publisher, distributor, etc 2025.
300 ## - PHYSICAL DESCRIPTION
Extent p. 5-19
500 ## - GENERAL NOTE
General note Cita: TR LALEY AR/DOC/394/2025<br/><br/>
505 ## - FORMATTED CONTENTS NOTE
Formatted contents note Sumario: I. Introito.— II. Relación de pareja.— III. Femicidio.— IV. Bibliografía.
505 ## - FORMATTED CONTENTS NOTE
Title Si te interesa el texto completo, solicitalo a koha@justierradelfuego.gov.ar
650 #0 - SUBJECT ADDED ENTRY--TOPICAL TERM
9 (RLIN) 343
Topical term or geographic name as entry element DERECHO PENAL
650 #0 - SUBJECT ADDED ENTRY--TOPICAL TERM
9 (RLIN) 2480
Topical term or geographic name as entry element CODIGO PENAL
650 #0 - SUBJECT ADDED ENTRY--TOPICAL TERM
9 (RLIN) 2682
Topical term or geographic name as entry element DELITOS CONTRA LAS PERSONAS
650 #0 - SUBJECT ADDED ENTRY--TOPICAL TERM
9 (RLIN) 3054
Topical term or geographic name as entry element FEMICIDIO
700 ## - ADDED ENTRY--PERSONAL NAME
9 (RLIN) 6530
Personal name Chapuy, Juan Cruz
Función coautor
773 0# - HOST ITEM ENTRY
Host Biblionumber 2658
Host Itemnumber 3164
Title Revista de derecho penal y criminología. Nº 3 - Abril 2025
Place, publisher, and date of publication Ciudad Autónoma de Buenos Aires : Thomson Reuters La Ley, 2017-
International Standard Serial Number 00347914
942 ## - ADDED ENTRY ELEMENTS (KOHA)
Source of classification or shelving scheme
Koha item type Analítica Artículo de Revista

No hay ítems disponibles.

12 de Octubre 789 Ushuaia - Tel:  54(02901)441571
Horario de Atención: 8.00 a 17.00 hs. 
bibliotecaush@justierradelfuego.gov.ar
koha@justierradelfuego.gov.ar
Seguinos en nuestras redes @bibliojustdf 

Con tecnología Koha